| 000 | 00527nam a2200181Ia 4500 | ||
|---|---|---|---|
| 008 | 090201s9999 xx 000 0 und d | ||
| 010 | _aKPL-69643 | ||
| 040 | _bमराठी | ||
| 041 | _aमराठी | ||
| 082 |
_a48214 _b69643 |
||
| 100 | _aकृ रा सावंत | ||
| 245 |
_aअभिनय - पाठ _cकृ रा सावंत |
||
| 250 | _a1 | ||
| 260 |
_c2003 _bअथर्व प्रकाशन |
||
| 300 |
_a102 _bमोठा |
||
| 600 | _aअभिनय - पाठ | ||
| 942 | _cBOOK | ||
| 999 |
_c244868 _d244868 |
||